[Event "WJCC U20 Open 2019"]
[Site "New Delhi"]
[Date "2019.10.24"]
[Round "10.16"]
[White "Khanin, Semen"]
[Black "Parkhov, Yair"]
[Result "1/2-1/2"]
[WhiteElo "2507"]
[BlackElo "2350"]
[Annotator "ChessBase"]
[PlyCount "143"]
[EventDate "2019.10.15"]
[EventType "swiss"]
[EventCountry "IND"]
[SourceTitle "playchess.com"]
[Source "ChessBase"]
[SourceQuality "1"]
[TimeControl "40/5400+30:1800+30"]

1. e4 {[%emt 0:00:00]} c5 {[%emt 0:00:00]} 2. Nf3 {[%emt 0:00:00]} d6 {[%emt 0:00:00]} 3. d4 {[%emt 0:00:00]} cxd4 {[%emt 0:00:00]} 4. Nxd4 {[%emt 0:00:00]} Nf6 {[%emt 0:00:00]} 5. f3 {[%emt 0:00:00]} e5 {[%emt 0:01:25]} 6. Nb3 {[%emt 0:00:00]} d5 {[%emt 0:00:06]} 7. Bg5 {[%emt 0:00:03]} Be6 {[%emt 0:00:06]} 8. Bxf6 {[%emt 0:00:10]} gxf6 {[%emt 0:00:14]} 9. exd5 {[%emt 0:00:04]} Qxd5 {[%emt 0:00:25]} 10. Qxd5 {[%emt 0:00:05]} Bxd5 {[%emt 0:00:07]} 11. Nc3 {[%emt 0:00:05]} Be6 {[%emt 0:00:30]} 12. O-O-O {[%emt 0:00:07]} Nd7 {[%emt 0:05:28]} 13. Nb5 {[%emt 0:00:06]} Ke7 {[%emt 0:08:47]} 14. Nc7 {[%emt 0:07:23]} Rd8 {[%emt 0:01:53]} 15. Nd5+ {[%emt 0:05:27]} Bxd5 {[%emt 0:00:15]} 16. Rxd5 {[%emt 0:00:04]} Bh6+ {[%emt 0:03:36]} 17. Kb1 {[%emt 0:01:14]} Nc5 {[%emt 0:00:55]} 18. Bc4 {[%emt 0:00:39]} Rxd5 {[%emt 0:10:22]} 19. Bxd5 {[%emt 0:00:05]} Nxb3 {[%emt 0:00:09]} 20. axb3 {[%emt 0:00:11]} b6 {[%emt 0:00:18]} 21. Re1 {[%emt 0:20:25]} Bg5 {[%emt 0:22:11]} 22. g3 {[%emt 0:02:09]} h5 {[%emt 0:01:29]} 23. Re4 {[%emt 0:13:06]} h4 {[%emt 0:10:13]} 24. f4 {[%emt 0:00:49]} hxg3 {[%emt 0:02:06]} 25. hxg3 {[%emt 0:00:39]} Bh6 {[%emt 0:03:13]} 26. fxe5 {[%emt 0:00:43]} fxe5 {[%emt 0:02:12]} 27. Rxe5+ {[%emt 0:00:06]} Kd6 {[%emt 0:00:55]} 28. Rh5 {[%emt 0:08:57]} Ke7 {[%emt 0:03:11]} 29. b4 {[%emt 0:07:59]} Bg7 {[%emt 0:00:51]} 30. Rf5 {[%emt 0:00:14]} f6 {[%emt 0:00:50]} 31. b5 {[%emt 0:04:02]} Bh6 {[%emt 0:01:47]} 32. Rf3 {[%emt 0:03:15]} Bg5 {[%emt 0:02:26]} 33. Bc6 {[%emt 0:07:28]} Ke6 {[%emt 0:01:03]} 34. g4 {[%emt 0:01:40]} Rh7 {[%emt 0:03:44]} 35. Rd3 {[%emt 0:01:54]} Bf4 {[%emt 0:03:55]} 36. Be4 {[%emt 0:01:58]} Rc7 {[%emt 0:00:20]} 37. Bf5+ {[%emt 0:00:04]} Ke7 {[%emt 0:00:12]} 38. c3 {[%emt 0:02:01]} Ke8 {[%emt 0:04:14]} 39. Kc2 {[%emt 0:00:54]} Re7 {[%emt 0:04:37]} 40. Bg6+ {[%emt 0:03:36]} Kf8 {[%emt 0:00:06]} 41. Rd8+ {[%emt 0:30:06]} Kg7 {[%emt 0:30:06]} 42. Bd3 {[%emt 0:00:10]} Kh6 {[%emt 0:04:13]} 43. Rg8 {[%emt 0:00:00]} Rg7 {[%emt 0:00:00]} 44. Rh8+ {[%emt 0:00:00]} Kg5 {[%emt 0:00:00]} 45. Bf5 {[%emt 0:00:00]} Be5 {[%emt 0:00:00]} 46. Kd3 {[%emt 0:00:00]} Kf4 {[%emt 0:00:00]} 47. b3 {[%emt 0:00:00]} Re7 {[%emt 0:00:00]} 48. Rf8 {[%emt 0:00:00]} Kg5 {[%emt 0:00:00]} 49. Rd8 {[%emt 0:00:00]} Kf4 {[%emt 0:00:00]} 50. Rf8 {[%emt 0:00:00]} Kg5 {[%emt 0:00:00]} 51. b4 {[%emt 0:01:15]} Bg3 {[%emt 0:00:00]} 52. c4 {[%emt 0:01:29]} Bd6 {[%emt 0:00:00]} 53. c5 {[%emt 0:02:43]} bxc5 {[%emt 0:00:00]} 54. Rd8 {[%emt 0:00:03]} c4+ {[%emt 0:00:00]} 55. Kxc4 {[%emt 0:00:06]} Rc7+ {[%emt 0:00:00]} 56. Kb3 {[%emt 0:00:07]} Be5 {[%emt 0:00:00]} 57. Rd5 {[%emt 0:02:03]} Kf4 {[%emt 0:00:00]} 58. Ka4 {[%emt 0:00:54]} Rc4 {[%emt 0:01:04]} 59. Ka5 {[%emt 0:02:54]} Rd4 {[%emt 0:03:54]} 60. Rc5 {[%emt 0:00:05]} Bd6 {[%emt 0:00:22]} 61. Rc6 {[%emt 0:00:10]} Ke5 {[%emt 0:00:38]} 62. Bc8 {[%emt 0:02:36]} Bxb4+ {[%emt 0:01:39]} 63. Ka6 {[%emt 0:00:04]} Rd6 {[%emt 0:01:27]} 64. Rxd6 {[%emt 0:01:15]} Kxd6 {[%emt 0:00:06]} 65. Kxa7 {[%emt 0:00:03]} Bc5+ {[%emt 0:00:21]} 66. Kb7 {[%emt 0:00:18]} Be3 {[%emt 0:00:28]} 67. Bf5 {[%emt 0:00:05]} Bd4 {[%emt 0:00:15]} 68. Be4 {[%emt 0:00:16]} Be3 {[%emt 0:00:35]} 69. b6 {[%emt 0:00:04]} Bf2 {[%emt 0:00:31]} 70. Ka6 {[%emt 0:00:05]} Bd4 {[%emt 0:00:19]} 71. b7 {[%emt 0:00:19]} Kc7 {[%emt 0:00:05]} 72. Kb5 {[%emt 0:00:05]} 1/2-1/2

[Event "WJCC U20 Open 2019"]
[Site "New Delhi"]
[Date "2019.10.24"]
[Round "10.17"]
[White "Garidmagnai, Byambasuren"]
[Black "Nigmatov, Ortik"]
[Result "0-1"]
[WhiteElo "2327"]
[BlackElo "2494"]
[Annotator "TA"]
[PlyCount "76"]
[EventDate "2019.10.15"]
[EventType "swiss"]
[EventCountry "IND"]
[SourceTitle "playchess.com"]
[Source "ChessBase"]
[SourceQuality "1"]

{[%evp 21,76,28,27,24,28,20,26,31,15,16,18,21,9,-18,-22,-41,-4,-11,-10,-22,-6,-6,16,34,30,21,18,17,53,31,80,83,156,170,154,159,152,137,139,147,152,70,87,39,21,-683,-675,-656,-629,-2268,-862,-858,-838,-647,-731,-2004,-1808]} 1. d4 Nf6 2. c4 g6 3. Nc3 Bg7 4. e4 d6 5. Be2 O-O 6. Nf3 e5 7. O-O Nbd7 8. Be3 Ng4 9. Bg5 f6 10. Bh4 Nh6 11. dxe5 dxe5 12. b4 {E94: King's Indian: Classical: 6 Be2 e5 7 0-0: Various Black 7th moves} c6 13. c5 Qe7 14. Nd2 {White has an edge.} Rd8 15. Qb3+ Nf7 16. Nc4 Nf8 {[%cal Bd7f8,Bf8e6,Be6d4][%mdl 32] [#]} 17. Na5 $146 ({Predecessor:} 17. Rfd1 Be6 18. f3 Rxd1+ 19. Rxd1 Rd8 {½-½ (54) Rogozenco,D (2527)-Szabo,G (2496) Amara 2007}) 17... Ne6 18. Bc4 g5 (18... Nd4 $5 {[%cal Rd4b3]} 19. Qa4 Be6 20. Bxe6 Nxe6 $15) 19. Bg3 Nd4 20. Qb2 h5 21. f3 h4 (21... b6 $5 {[%cal Rb6a5]} 22. Nb3 Rb8 $11) 22. Bf2 h3 23. Ne2 {[%cal Re2d4]} hxg2 24. Kxg2 {[%cal Re2d4]} Ne6 25. Rad1 Re8 26. Bb3 g4 (26... Rd8 $142) 27. fxg4 $16 Nf4+ 28. Nxf4 exf4 29. Qe2 Be6 30. Bxe6 Qxe6 31. Bd4 (31. Nxb7 $16 {Strongly threatening Nd6.} Ng5 32. Kh1) 31... Bh6 32. Bc3 Ng5 {[#] aiming for ...f3+.} 33. Nxb7 $2 {[%mdl 8192]} (33. Qc4 $11) 33... f3+ $19 {Black is clearly winning.} 34. Rxf3 Qxg4+ {[%mdl 64] Double Attack, Pin} 35. Kf2 {Threatens to win with Rg3.} Nxe4+ (35... Rxe4 $142 36. Qd3 Nxf3 37. Qxf3 Be3+ {[%mdl 64] Overworked Piece} 38. Qxe3 Rxe3 39. Kxe3 Qxd1) 36. Kf1 {[#]} Nd2+ $1 {[%mdl 576] Discovered Attack} 37. Bxd2 Rxe2 38. Kxe2 Qg2+ {[%mdl 64] Double Attack. Accuracy: White = 49%, Black = 55%.} 0-1

[Event "WJCC U20 Open 2019"]
[Site "New Delhi"]
[Date "2019.10.24"]
[Round "10.18"]
[White "Raahul V S"]
[Black "Batsuren, Dambasuren"]
[Result "0-1"]
[WhiteElo "2262"]
[BlackElo "2454"]
[Annotator "TA"]
[PlyCount "138"]
[EventDate "2019.10.15"]
[EventType "swiss"]
[EventCountry "IND"]
[SourceTitle "playchess.com"]
[Source "ChessBase"]
[SourceQuality "1"]

{[%evp 10,138,2,8,25,12,35,35,37,32,42,13,35,-4,-13,-12,0,-16,-18,-16,0,-2,3,6,12,9,4,2,1,7,5,5,4,2,0,-21,-21,-26,-22,-35,-22,-23,-27,-77,-72,-113,-108,-118,-109,-129,-126,-112,-109,-122,-129,-542,-542,-522,-481,-583,-535,-547,-508,-451,-382,-377,-353,-323,-287,-396,-419,-616,-595,-840,-782,-704,-620,-12835,-11525,-12841,-12841,-12841,-12842,-12845,-12846,-12848,-12847,-12850,-12851,-27998,-27999,-27997,-27998,-27998,-27999,-27983,-27983,-27984,-27982,-27983,-27983,-27984,-27983,-27984,-27982,-27986,-27984,-27985,-27982,-27983,-27983,-27984,-27982,-27983,-27983,-27989,-27989,-27991,-27991,-27992,-27991,-27992,-27990,-27996,-27996,-27997,-27997,-27998,-27998,-27999,-27999]} 1. c4 e5 2. Nc3 Nf6 3. g3 d5 4. cxd5 Nxd5 5. Bg2 Nb6 6. e3 Nc6 {A22: English Opening: 1...e5 2 Nc3 Nf6} 7. Nge2 $1 Bf5 {...Nb4 is the strong threat.} (7... Qd3 8. f4 Bb4 9. fxe5 Nxe5 10. Nf4 Qa6 11. Qc2 O-O 12. d4 Ng4 13. Nd3 Bxc3+ 14. Qxc3 {½-½ (36) Aronian,L (2762)-Nepomniachtchi,I (2773) Moscow 2019}) 8. d4 Bd6 {White is slightly better.} 9. O-O O-O 10. dxe5 $146 ({Predecessor:} 10. d5 Ne7 11. e4 Bg6 12. Qb3 c6 13. dxc6 bxc6 14. Rd1 {½-½ (32) Privara,I (2516)-Schneider,W (2514) ICCF email 2013}) 10... Bxe5 11. f4 {Strongly threatening Qxd8.} Bd6 12. Nd4 Nxd4 13. Qxd4 Qe7 14. Ne4 Bxe4 (14... Rad8 {with more complications.} 15. Nxd6 Rxd6 16. Qe5 Qd7 17. e4 Bh3) 15. Qxe4 Qxe4 16. Bxe4 c6 17. Kg2 Rfe8 18. Bf3 f5 19. Re1 Rad8 20. e4 Bb4 $36 {[%mdl 2048] Black fights for an advantage.} 21. Re2 fxe4 22. Rxe4 Rxe4 23. Bxe4 Rd1 {Threatens to win with ...Bd2.} 24. Rb1 $1 Bd2 25. Bxd2 Rxd2+ $11 {[%mdl 4096] Endgame KRB-KRN} 26. Kh3 {[#]} Na4 $1 27. Re1 Rxb2 28. Bd3 Nc5 29. Bc4+ Kf8 30. Re5 {[#] And now Rf5+ would win.} Nd7 $1 {[%cal Rd7e5]} 31. Rf5+ Ke8 32. Rf7 $2 {[%mdl 8192]} (32. Bg8 $17) 32... b5 $19 33. Be6 Nc5 34. f5 Nxe6 35. fxe6 Rxa2 36. Rxg7 {KR-KR} Re2 37. Rxa7 h6 38. Kg4 Rxe6 39. Kf5 Re7 40. Ra2 (40. Ra1 $142 b4 41. Rb1) 40... Kd7 41. g4 b4 {[%cal Bb5b4,Bb4b3][%mdl 32]} 42. h4 c5 43. g5 hxg5 44. hxg5 Kc6 45. Kf6 Rb7 46. g6 b3 47. Re2 c4 48. g7 {[#]} Rxg7 $1 {[%mdl 512]} 49. Kxg7 {KR-KPP} c3 {Black mates.} 50. Re3 c2 51. Rc3+ Kd5 52. Rxb3 c1=Q {KQ-KR} 53. Rb5+ Kc6 54. Rf5 Kd6 55. Kg6 Qg1+ 56. Rg5 Qb1+ 57. Kf6 Qh7 58. Rg6 Qe7+ 59. Kf5+ Kd5 60. Rf6 Qe4+ 61. Kg5 Ke5 62. Rg6 Qd3 63. Kh6 Kf5 64. Kh7 Qd7+ 65. Rg7 Qe8 {( -> ...Kf6)} 66. Rg8 Qh5+ 67. Kg7 Qg6+ 68. Kf8 Qf6+ 69. Ke8 Ke6 {Accuracy: White = 54%, Black = 85%.} 0-1

[Event "WJCC U20 Open 2019"]
[Site "New Delhi"]
[Date "2019.10.24"]
[Round "10.19"]
[White "Agmanov, Zhandos"]
[Black "Audi Ameya"]
[Result "1/2-1/2"]
[WhiteElo "2403"]
[BlackElo "2336"]
[Annotator "TA"]
[PlyCount "100"]
[EventDate "2019.10.15"]
[EventType "swiss"]
[EventCountry "IND"]
[SourceTitle "playchess.com"]
[Source "ChessBase"]
[SourceQuality "1"]

{[%evp 21,100,36,45,27,34,22,22,37,32,29,27,31,27,22,31,31,35,40,22,31,37,36,29,29,36,31,69,68,75,86,71,91,120,131,131,131,131,131,127,127,132,77,70,60,71,72,60,60,44,40,40,42,42,43,87,44,81,81,81,81,81,81,81,24,24,0,81,81,85,24,24,29,29,29,29,0,82,0,37,24,32]} 1. e4 e5 2. Nf3 Nc6 3. Bb5 a6 4. Ba4 Nf6 5. O-O Nxe4 6. d4 b5 7. Bb3 d5 8. dxe5 Be6 9. Nbd2 Nc5 10. c3 Be7 11. Bc2 d4 12. Nb3 {[%cal Rb3d4] C83: Open Ruy Lopez: 9 c3 Be7} d3 13. Bb1 {aiming for Nxc5.} Nxb3 $1 14. axb3 {The position is equal.} Bf5 15. Be3 O-O 16. Bd4 Qd5 17. Re1 {[#]} d2 $1 {[%mdl 512]} 18. Re2 (18. Qxd2 Bxb1) 18... Bxb1 19. Rxb1 Nxd4 20. Nxd4 {[#]} Bg5 $146 21. g3 c5 22. Nf5 Qd3 23. Nd6 {Black must now prevent f4.} f6 24. f4 fxe5 25. Rxd2 Qe3+ 26. Rf2 {White threatens Qd5+ and mate.} h6 {[%cal Re5f4]} 27. Qd5+ Kh7 {[%cal Re5f4]} 28. Nf5 {[%mdl 64] Deflection} ({Avoid the trap} 28. Qxe5 $2 Qxe5 29. fxe5 Be3 $19) 28... Rxf5 29. Qxa8 exf4 30. Qf3 Qe6 31. Re2 (31. Qd3 $142 {Threatens to win with g4.} Qg6 32. Rd1) 31... fxg3 $16 32. Rxe6 Rxf3 {[%mdl 4096] Endgame KRR-KRB} 33. Kg2 Rd3 34. hxg3 b4 35. Rxa6 (35. Re4 {looks sharper.} a5 36. Rc4 Be7 37. g4 Kg6 38. Rf1) 35... bxc3 36. bxc3 Rxc3 37. Ra4 Be7 38. Rf4 Kg6 39. Re4 Kf7 40. Rf1+ Bf6 {[#]} 41. Rf3 $1 Rc2+ 42. Rf2 ({White should play} 42. Kf1 $16) 42... Rc3 $1 $11 43. Rf3 (43. Rf5 $11) 43... Rc2+ $16 44. Kf1 Rd2 45. Re5 ({Better is} 45. Ke1 $16 Rd8 46. Rf5) 45... Rc2 $1 $11 46. Re2 Rc1+ 47. Re1 Rc2 $1 48. Re4 (48. Re5 $11) 48... Rd2 $1 $16 49. Re5 Rc2 $1 50. Ke1 c4 {Accuracy: White = 51%, Black = 81%.} 1/2-1/2

[Event "WJCC U20 Open 2019"]
[Site "New Delhi"]
[Date "2019.10.24"]
[Round "10.20"]
[White "Aaryan Varshney"]
[Black "Di Benedetto, Edoardo"]
[Result "0-1"]
[WhiteElo "2239"]
[BlackElo "2401"]
[Annotator "RC"]
[PlyCount "100"]
[EventDate "2019.10.15"]
[EventType "swiss"]
[EventCountry "IND"]
[SourceTitle "playchess.com"]
[Source "ChessBase"]
[SourceQuality "1"]
[TimeControl "40/5400+30:1800+30"]

1. d4 {[%emt 0:00:00]} e6 {[%emt 0:01:26]} 2. c4 {[%emt 0:00:00]} Nf6 {[%emt 0:00:40]} 3. Nf3 {[%emt 0:00:00]} d5 {[%emt 0:00:05]} 4. Nc3 {[%emt 0:00:09]} c6 {[%emt 0:00:05]} 5. e3 {[%emt 0:00:13]} Nbd7 {[%emt 0:00:05]} 6. Bd3 {[%emt 0:00:13]} dxc4 {[%emt 0:00:06]} 7. Bxc4 {[%emt 0:00:10]} b5 {[%emt 0:00:06]} 8. Bd3 {[%emt 0:00:13]} Bb7 {[%emt 0:00:08]} 9. O-O {[%emt 0:00:12]} a6 {[%emt 0:00:10]} 10. e4 {[%emt 0:00:07]} c5 {[%emt 0:00:03]} 11. d5 {[%emt 0:00:13]} Qc7 {[%emt 0:00:06]} 12. Bc2 {[%emt 0:00:21]} O-O-O {[%emt 0:00:15]} 13. dxe6 {[%emt 0:00:58]} Ne5 {[%emt 0:00:11]} 14. Qe2 {[%emt 0:00:42]} Nxf3+ {[%emt 0:00:51]} 15. Qxf3 {[%emt 0:00:01]} fxe6 {[%emt 0:00:10]} 16. Qh3 {[%emt 0:01:11]} Kb8 {[%emt 0:00:21]} 17. Be3 {[%emt 0:02:08]} Bd6 {[%emt 0:00:29]} 18. Rfd1 {[%emt 0:05:28]} Be5 {[%emt 0:00:54]} 19. Rac1 {[%emt 0:00:30]} Bc8 {[%emt 0:07:57]} 20. f3 {[%emt 0:11:22]} h6 {[%emt 0:07:07]} 21. g3 {[%emt 0:13:16]} Bd4 {[%emt 0:08:56]} 22. Bxd4 {[%emt 0:01:43]} cxd4 {[%emt 0:00:08]} 23. Ne2 {[%emt 0:01:59]} d3 {[%emt 0:05:16]} 24. Bxd3 {[%emt 0:06:34]} Qb6+ {[%emt 0:00:16]} 25. Kg2 {[%emt 0:01:15]} e5 {[%emt 0:00:29]} 26. Rxc8+ {[%emt 0:10:38]} Rxc8 {[%emt 0:00:09]} 27. Qf5 {[%emt 0:00:22]} Rhe8 {[%emt 0:00:21]} 28. Nc3 {[%emt 0:01:10]} Rcd8 {[%emt 0:10:47]} 29. Bc2 {[%emt 0:02:00]} Rxd1 {[%emt 0:00:42]} 30. Bxd1 {[%emt 0:00:25]} Qd4 {[%emt 0:04:59]} 31. Bb3 {[%emt 0:00:58]} Qd2+ {[%emt 0:01:25]} 32. Kg1 {[%emt 0:02:50]} Qxb2 {[%emt 0:00:46]} 33. Nd1 {[%emt 0:01:23]} Qd2 {[%emt 0:02:57]} 34. Nf2 {[%emt 0:00:55]} Qd7 {[%emt 0:00:38]} 35. Qxd7 {[%emt 0:00:30]} Nxd7 {[%emt 0:00:05]} 36. Nd3 {[%emt 0:00:33]} Kc7 {[%emt 0:00:26]} 37. Kf2 {[%emt 0:00:16]} Kd6 {[%emt 0:00:06]} 38. Bd5 {[%emt 0:00:13]} Nb6 {[%emt 0:01:46]} 39. Bf7 {[%emt 0:00:19]} Rf8 {[%emt 0:00:12]} 40. Bb3 {[%emt 0:00:25]} g5 {[%emt 0:02:36]} 41. Ke2 {[%emt 0:30:36]} a5 {[%emt 0:30:11]} 42. a3 {[%emt 0:00:40]} Rc8 {[%emt 0:00:18]} 43. Kd2 {[%emt 0:00:24]} Nc4+ {[%emt 0:00:15]} 44. Bxc4 {[%emt 0:00:05]} bxc4 {[%emt 0:00:09]} 45. Nf2 {[%emt 0:00:08]} Rf8 {[%emt 0:00:55]} 46. Ke2 {[%emt 0:00:07]} Rb8 {[%emt 0:00:13]} 47. Nd1 {[%emt 0:00:19]} Kc5 {[%emt 0:00:04]} 48. Kd2 {[%emt 0:00:05]} Kd4 {[%emt 0:00:11]} 49. Kc2 {[%emt 0:00:03]} Rb3 {[%emt 0:00:11]} 50. a4 {[%emt 0:00:02]} Rxf3 {[%emt 0:00:07]} 0-1

[Event "WJCC U20 Open 2019"]
[Site "New Delhi"]
[Date "2019.10.24"]
[Round "10.21"]
[White "Muradli, Mahammad"]
[Black "Pranav, V."]
[Result "1-0"]
[WhiteElo "2459"]
[BlackElo "2308"]
[Annotator "ChessBase"]
[PlyCount "145"]
[EventDate "2019.10.15"]
[EventType "swiss"]
[EventCountry "IND"]
[SourceTitle "playchess.com"]
[Source "ChessBase"]
[SourceQuality "1"]
[TimeControl "40/5400+30:1800+30"]

1. d4 {[%emt 0:02:10]} Nf6 {[%emt 0:00:00]} 2. c4 {[%emt 0:00:02]} Nc6 {[%emt 0:00:23]} 3. Nf3 {[%emt 0:01:14]} e6 {[%emt 0:00:10]} 4. Nc3 {[%emt 0:04:21]} Bb4 {[%emt 0:00:54]} 5. Qc2 {[%emt 0:01:42]} d6 {[%emt 0:03:06]} 6. Bd2 {[%emt 0:11:39]} e5 {[%emt 0:05:45]} 7. d5 {[%emt 0:02:12]} Bxc3 {[%emt 0:00:12]} 8. Bxc3 {[%emt 0:00:20]} Ne7 {[%emt 0:00:07]} 9. e4 {[%emt 0:00:11]} Bg4 {[%emt 0:03:05]} 10. Nd2 {[%emt 0:03:17]} c6 {[%emt 0:03:03]} 11. f3 {[%emt 0:06:29]} Bd7 {[%emt 0:00:21]} 12. dxc6 {[%emt 0:00:04]} Nxc6 {[%emt 0:00:39]} 13. Be2 {[%emt 0:01:22]} O-O {[%emt 0:01:41]} 14. Nf1 {[%emt 0:02:18]} Qb6 {[%emt 0:04:28]} 15. Qd2 {[%emt 0:03:28]} Be6 {[%emt 0:02:49]} 16. Ne3 {[%emt 0:01:47]} Nd4 {[%emt 0:02:12]} 17. Rd1 {[%emt 0:06:12]} Nxe2 {[%emt 0:01:57]} 18. Kxe2 {[%emt 0:00:05]} Ne8 {[%emt 0:15:04]} 19. b3 {[%emt 0:08:34]} Rc8 {[%emt 0:02:31]} 20. Bb4 {[%emt 0:04:47]} Rc6 {[%emt 0:05:10]} 21. g4 {[%emt 0:12:20]} Nf6 {[%emt 0:11:48]} 22. Rc1 {[%emt 0:04:15]} Ra8 {[%emt 0:06:32]} 23. Rhd1 {[%emt 0:05:34]} h6 {[%emt 0:04:07]} 24. Bxd6 {[%emt 0:05:12]} Rd8 {[%emt 0:00:22]} 25. c5 {[%emt 0:00:01]} Qa6+ {[%emt 0:00:09]} 26. Ke1 {[%emt 0:00:06]} Ne8 {[%emt 0:01:56]} 27. Nd5 {[%emt 0:00:08]} Bxd5 {[%emt 0:00:52]} 28. exd5 {[%emt 0:00:15]} Rcxd6 29. cxd6 {[%emt 0:00:06]} Nxd6 {[%emt 0:00:29]} 30. Kf2 {[%emt 0:02:28]} e4 {[%emt 0:04:42]} 31. Qe2 {[%emt 0:00:56]} Qb6+ {[%emt 0:00:43]} 32. Qe3 {[%emt 0:00:15]} Qb4 {[%emt 0:03:05]} 33. Rd4 {[%emt 0:00:54]} Qa5 {[%emt 0:00:05]} 34. Ra4 {[%emt 0:00:40]} Qxd5 {[%emt 0:00:12]} 35. Rd4 {[%emt 0:01:43]} Qe5 {[%emt 0:00:38]} 36. f4 {[%emt 0:00:21]} Qe7 {[%emt 0:00:57]} 37. Rcd1 {[%emt 0:01:00]} h5 {[%emt 0:00:18]} 38. Qg3 {[%emt 0:09:50]} e3+ {[%emt 0:02:15]} 39. Qxe3 {[%emt 0:00:37]} Qh4+ {[%emt 0:00:09]} 40. Kg1 {[%emt 0:00:33]} Qxg4+ {[%emt 0:00:55]} 41. Qg3 {[%emt 0:30:01]} Qc8 {[%emt 0:31:54]} 42. f5 {[%emt 0:00:00]} Qc5 {[%emt 0:00:00]} 43. b4 {[%emt 0:00:00]} Qb6 {[%emt 0:00:00]} 44. Kf1 {[%emt 0:00:00]} Qb5+ {[%emt 0:00:00]} 45. Qd3 {[%emt 0:00:00]} Qc6 {[%emt 0:00:00]} 46. Kg1 {[%emt 0:00:00]} Qb6 {[%emt 0:00:00]} 47. Kg2 {[%emt 0:00:00]} Qc6+ {[%emt 0:00:00]} 48. Qf3 {[%emt 0:00:00]} Qb6 {[%emt 0:00:00]} 49. Qf4 {[%emt 0:00:00]} Qc6+ {[%emt 0:00:00]} 50. Kh3 {[%emt 0:00:00]} Re8 {[%emt 0:00:00]} 51. Rxd6 {[%emt 0:00:00]} Qc7 {[%emt 0:00:00]} 52. R1d3 {[%emt 0:00:00]} Qc2 {[%emt 0:00:00]} 53. Rd8 {[%emt 0:00:00]} Rxd8 {[%emt 0:00:00]} 54. Rxd8+ {[%emt 0:00:00]} Kh7 {[%emt 0:00:00]} 55. f6 {[%emt 0:00:00]} Qc3+ {[%emt 0:00:00]} 56. Kg2 {[%emt 0:00:00]} Qc6+ {[%emt 0:00:00]} 57. Qf3 {[%emt 0:00:00]} Qc2+ {[%emt 0:00:00]} 58. Kh3 {[%emt 0:00:00]} g6 {[%emt 0:00:00]} 59. Qf4 {[%emt 0:00:00]} Qc3+ {[%emt 0:00:00]} 60. Kg2 {[%emt 0:00:00]} Qc2+ {[%emt 0:00:00]} 61. Rd2 {[%emt 0:00:00]} Qc6+ {[%emt 0:00:00]} 62. Qf3 {[%emt 0:00:00]} Qb5 {[%emt 0:00:00]} 63. Qd5 {[%emt 0:00:00]} Qe8 {[%emt 0:00:00]} 64. Kf2 {[%emt 0:00:00]} Kh6 {[%emt 0:00:00]} 65. h4 {[%emt 0:00:00]} Qb8 {[%emt 0:00:00]} 66. Kg2 {[%emt 0:00:00]} Qc7 {[%emt 0:00:00]} 67. Qc5 {[%emt 0:00:00]} Qb8 {[%emt 0:00:00]} 68. Rd7 {[%emt 0:00:00]} Qe8 {[%emt 0:00:00]} 69. Re7 {[%emt 0:00:00]} Qd8 {[%emt 0:00:00]} 70. Qg5+ {[%emt 0:00:00]} Kh7 {[%emt 0:00:00]} 71. Rxf7+ {[%emt 0:00:00]} Kh8 {[%emt 0:00:00]} 72. Qh6+ {[%emt 0:00:00]} Kg8 {[%emt 0:00:00]} 73. Qh7# {[%emt 0:00:00]} 1-0

[Event "WJCC U20 Open 2019"]
[Site "New Delhi"]
[Date "2019.10.24"]
[Round "10.22"]
[White "Percivaldi, Martin"]
[Black "Miciano, John Marvin"]
[Result "1/2-1/2"]
[WhiteElo "2391"]
[BlackElo "2345"]
[Annotator "TA"]
[PlyCount "65"]
[EventDate "2019.10.15"]
[EventType "swiss"]
[EventCountry "IND"]
[SourceTitle "playchess.com"]
[Source "ChessBase"]
[SourceQuality "1"]

{[%evp 10,65,27,28,18,21,30,24,27,20,29,8,0,-8,37,-10,30,0,29,-62,-54,-58,-64,-49,-47,-63,-67,-285,-252,-221,-240,-372,-372,-350,-354,-325,-314,-314,0,0,0,0,0,0,0,0,0,0,0,0,0,0,0,0,0,0,0,0]} 1. d4 Nf6 2. Bg5 c5 3. Bxf6 gxf6 4. d5 Qb6 5. Qc1 f5 6. c4 d6 {A45: Trompowsky Attack} (6... Bg7 7. Nc3 d6 8. e3 Nd7 9. Qc2 Ne5 10. Nh3 Bd7 11. Be2 Ng6 12. O-O O-O 13. Kh1 Qd8 14. Rad1 a6 {½-½ (61) Vitiugov,N (2734)-Hou,Y (2658) Belokurikha 2018}) 7. Nc3 Nd7 {[%cal Bb8d7,Bd7f6,Bf6g4,Bg4e3][%mdl 32]} 8. Qc2 Nf6 {White has an edge.} 9. e3 Rg8 10. Nge2 Bd7 $146 ({Predecessor:} 10... Bh6 11. g3 Bd7 12. Bh3 Ng4 13. Nf4 O-O-O 14. Bxg4 Rxg4 {½-½ (35) Klausen,T (2476)-Dhanish,P (2530) ICCF email 2010}) 11. Ng3 e6 12. Bd3 Ng4 13. a3 Bg7 (13... Qd8 {is interesting.} 14. O-O-O Qh4 15. Nb5 Bxb5 16. cxb5 O-O-O) 14. h3 {[#]} (14. Nh5 $11) 14... Nxe3 $1 $15 {[%mdl 512]} 15. fxe3 Bxc3+ $1 {[%mdl 64] Discovered Attack} 16. Qxc3 Rxg3 {[%mdl 64] Double Attack} 17. dxe6 $1 Bxe6 18. Qh8+ $2 (18. O-O-O $15 Rxg2 19. Rhf1) 18... Ke7 19. Qxa8 {Black must now prevent 0-0-0.} Rxe3+ {[%mdl 64] Double Attack} 20. Kd2 (20. Be2 $142 Qxb2 21. O-O Rxe2 22. Qg8) 20... Rxd3+ $1 $19 21. Kxd3 Qb3+ 22. Kd2 {Threatens to win with Qh8.} Qxb2+ 23. Ke3 {[#] Hoping for Rae1.} Qd4+ $2 (23... f4+ $1 $19 24. Kf3 (24. Kxf4 {is a self mate.} Qf2+ 25. Kg5 h6+ {[%mdl 64] Deflection, Decoy} 26. Kxh6 Qh4+ {[%mdl 64] Double Attack} 27. Kg7 Qg5+ {[%mdl 64] Double Attack} 28. Kh7 Qg6+ 29. Kh8 Qh6+ 30. Kg8 f6#) 24... Qc3+ 25. Kxf4 Qd4+ 26. Kg3 Qg7+ 27. Kf2 Qb2+ 28. Kg3 Qg7+ 29. Kh4 Qxg2) 24. Kf3 $11 {The position is equal.} Qe4+ 25. Kg3 Qe3+ 26. Kh4 Qh6+ 27. Kg3 Qg7+ 28. Kf3 Qc3+ 29. Kf2 Qd4+ 30. Kf3 Qe4+ 31. Kg3 Qe3+ 32. Kh4 Qh6+ (32... f6 $5 33. g4 $8 (33. Qxb7+ $2 Kf8 $19) 33... Qg5+ 34. Kg3 Qe3+ 35. Kh4 (35. Kg2 Qe4+ 36. Kh2 fxg4 $11) 35... fxg4 36. hxg4 (36. Qxb7+ Kf8 $11) 36... Qg5+ 37. Kg3 Qxg4+ 38. Kf2 Qd4+ 39. Kg3 Qg4+ 40. Kf2 Qd4+ 41. Kf3 Qg4+ 42. Kf2 $11) 33. Kg3 {Accuracy: White = 37%, Black = 67%.} 1/2-1/2